<?xml version="1.0" encoding="UTF-8"?>
<record
    xmlns:xsi="http://www.w3.org/2001/XMLSchema-instance"
    xsi:schemaLocation="http://www.loc.gov/MARC21/slim http://www.loc.gov/standards/marcxml/schema/MARC21slim.xsd"
    xmlns="http://www.loc.gov/MARC21/slim">

  <leader>00771nam a2200217Ia 4500</leader>
  <controlfield tag="003">OSt</controlfield>
  <controlfield tag="005">20250313143453.0</controlfield>
  <controlfield tag="008">210210b2015   xxu||||| |||| 00| 0 eng d</controlfield>
  <datafield tag="020" ind1=" " ind2=" ">
    <subfield code="a">9789383099474</subfield>
  </datafield>
  <datafield tag="040" ind1=" " ind2=" ">
    <subfield code="c">AL</subfield>
  </datafield>
  <datafield tag="041" ind1=" " ind2=" ">
    <subfield code="a">hin</subfield>
  </datafield>
  <datafield tag="082" ind1=" " ind2=" ">
    <subfield code="a">032.02H PURS</subfield>
  </datafield>
  <datafield tag="100" ind1=" " ind2=" ">
    <subfield code="a">PUROHIT (S G) Ed</subfield>
    <subfield code="9">185030</subfield>
  </datafield>
  <datafield tag="110" ind1=" " ind2=" ">
    <subfield code="b">&#x92A;&#x941;&#x930;&#x94B;&#x939;&#x93F;&#x924; &#x90F;&#x938; &#x91C;&#x940; Ed</subfield>
    <subfield code="9">206078</subfield>
  </datafield>
  <datafield tag="245" ind1=" " ind2=" ">
    <subfield code="a">Samany jnan vishvkosh: samast pratiyogi parikshavon ke liye upyogi:</subfield>
    <subfield code="b">&#x938;&#x93E;&#x92E;&#x93E;&#x928;&#x94D;&#x92F; &#x91C;&#x94D;&#x91E;&#x93E;&#x928; &#x935;&#x93F;&#x936;&#x94D;&#x935;&#x915;&#x94B;&#x936; &#x938;&#x92E;&#x938;&#x94D;&#x924; &#x92A;&#x94D;&#x930;&#x924;&#x93F;&#x92F;&#x94B;&#x917;&#x940; &#x92A;&#x930;&#x93F;&#x915;&#x94D;&#x937;&#x935;&#x94B; &#x915;&#x947; &#x932;&#x93F;&#x90F; &#x909;&#x92A;&#x92F;&#x94B;&#x917;&#x940; </subfield>
  </datafield>
  <datafield tag="260" ind1=" " ind2=" ">
    <subfield code="a">Jaipur</subfield>
    <subfield code="b">Paradise Publishers</subfield>
    <subfield code="c">2015</subfield>
  </datafield>
  <datafield tag="300" ind1=" " ind2=" ">
    <subfield code="a">viii,360</subfield>
  </datafield>
  <datafield tag="690" ind1=" " ind2=" ">
    <subfield code="a">Encyclopaedia</subfield>
    <subfield code="9">185031</subfield>
  </datafield>
  <datafield tag="906" ind1=" " ind2=" ">
    <subfield code="a">070667</subfield>
  </datafield>
  <datafield tag="942" ind1=" " ind2=" ">
    <subfield code="2">ddc</subfield>
    <subfield code="c">REF</subfield>
  </datafield>
  <datafield tag="999" ind1=" " ind2=" ">
    <subfield code="c">120150</subfield>
    <subfield code="d">120150</subfield>
  </datafield>
  <datafield tag="952" ind1=" " ind2=" ">
    <subfield code="0">0</subfield>
    <subfield code="1">0</subfield>
    <subfield code="2">ddc</subfield>
    <subfield code="4">0</subfield>
    <subfield code="7">3</subfield>
    <subfield code="8">HIN</subfield>
    <subfield code="a">AL</subfield>
    <subfield code="b">AL</subfield>
    <subfield code="d">2021-02-17</subfield>
    <subfield code="e">Vidya Vihar Govind Nagar, Kanpur</subfield>
    <subfield code="g">1495.00</subfield>
    <subfield code="l">0</subfield>
    <subfield code="o">032.02H PURS</subfield>
    <subfield code="p">070667</subfield>
    <subfield code="r">2021-02-17 00:00:00</subfield>
    <subfield code="w">2021-02-17</subfield>
    <subfield code="y">REF</subfield>
  </datafield>
</record>
